Additions to the known herpetofauna of Isla de Utila (<Islas de la Bahia, Honduras>) with the description of a new species of the genus Norops (<Reptilia: Sauria: Iguanidae>) (Registro nro. 9263)

Detalles MARC
000 -CABECERA
Campo de control 010330000a22002650004500
090 ## - CLASIFICACIÓN LOCAL
Colección AR
Consecutivo 00162
041 0# - IDIOMA
Código de idioma para texto/pista de sonido o título separado
100 1# - ASIENTO PRINCIPAL--NOMBRE PERSONAL
Nombre personal Köhler, Gunther
245 10 - MENCION DE TITULO
Título Additions to the known herpetofauna of Isla de Utila (<Islas de la Bahia, Honduras>) with the description of a new species of the genus Norops (<Reptilia: Sauria: Iguanidae>)
650 14 - ASIENTO SECUNDARIO DE MATERIA - TERMINO TEMATICO
Término temático o nombre geográfico como elemento de entrada Reptiles
650 14 - ASIENTO SECUNDARIO DE MATERIA - TERMINO TEMATICO
Término temático o nombre geográfico como elemento de entrada Fauna
650 14 - ASIENTO SECUNDARIO DE MATERIA - TERMINO TEMATICO
Término temático o nombre geográfico como elemento de entrada Taxonomía animal
650 14 - ASIENTO SECUNDARIO DE MATERIA - TERMINO TEMATICO
Término temático o nombre geográfico como elemento de entrada Sistemática animal
650 14 - ASIENTO SECUNDARIO DE MATERIA - TERMINO TEMATICO
Término temático o nombre geográfico como elemento de entrada Nuevas especies
651 #4 - ASIENTO SECUNDARIO DE MATERIA - NOMBRE GEOGRAFICO
-- Isla de Utila
-- Islas de la Bahia
-- Honduras
653 ## - TERMINO DE INDIZACION - NO CONTROLADO
-- Leptodactylus
-- Leptodactylus melanonotus
653 ## - TERMINO DE INDIZACION - NO CONTROLADO
-- Sphaerodactylus
-- Sphaerodactylus millepunctatus
653 ## - TERMINO DE INDIZACION - NO CONTROLADO
-- Boa
-- Boa constrictor
653 ## - TERMINO DE INDIZACION - NO CONTROLADO
-- Thecadactylus
-- Thecadactylus rapicaudus
653 ## - TERMINO DE INDIZACION - NO CONTROLADO
-- Coniophanes
-- Coniophanes imperialis
653 ## - TERMINO DE INDIZACION - NO CONTROLADO
-- Tretanorhinus
-- Tretanorhinus nigroluteus
653 ## - TERMINO DE INDIZACION - NO CONTROLADO
-- Norops
-- Norops lemurinus
773 1# - Item fuente:
Título Frankfurt am Marin
Especificación de materiales 74
Descripción física 1-2
Paginas del Articulo 19-28
Lugar, editorial y fecha de publicación 1996
Información sobre la relación 76
942 ## - ELEMENTOS ADICIONALES (KOHA)
Tipo de ítem Artículo
Existencias
Withdrawn status Lost status Damaged status No para préstamo Colección Ubicación Permanente Ubicación actual Fecha de adquisición Datos de publicación Seriada Total Checkouts Número topográfico Inventario / Código de Barras Date last seen Ejemplar Price effective from Forma de adquisición Tipo de material
      No para Préstamo Hemeroteca Bogotá Bogotá 27/02/2015 Fuera de circulación   AR 00162 010399 25/03/2015 1 25/03/2015   Artículo